000 00461nam a2200169Ia 4500
008 240729s9999 xx 000 0 und d
022 _a2520-6311
245 0 _aBusiness Ethics and Leadership
260 _aGermany
260 _bAcademic Research and Publishing UG (AR&P)
650 _a Business
650 _a Commerce
650 _aSocial Sciences
856 _uhttps://doaj.org/toc/ecb71d9e461b44c1a3356ce28402c0e8
942 _2ddc
942 _cDOAJEJ
999 _c73582
_d73582
945 _a1
_bMadushi Gamage
_c1
_dMadushi Gamage